|
|
|
|
| LEADER |
00799nam a2200205 i 4500 |
| 001 |
c000337725 |
| 003 |
CARM |
| 005 |
00000000000000.0 |
| 008 |
780213s1966 ka 00000 eng d |
| 019 |
1 |
|
|a 8742570
|z 28019160
|z 1912818
|z 53528266
|z 55549207
|5 LACONCORD2021
|
| 035 |
|
|
|a (OCoLC)557572
|5 LACONCORD2021
|
| 100 |
1 |
|
|a Shirlaw, D.W. Gilchrist.
|
| 245 |
1 |
3 |
|a An agricultural geography of Great Britain.
|
| 260 |
|
|
|a London :
|b Pergamon Press,
|c 1966.
|
| 300 |
|
|
|a ix,162p. :
|b illus. ;
|c 23cm.
|
| 650 |
|
0 |
|a Agricultural geography
|z Great Britain.
|
| 852 |
8 |
|
|b CARM
|h A1:AN05B0
|i B08471
|p 0409095
|f BK
|
| 082 |
0 |
4 |
|a 338.1
|
| 999 |
f |
f |
|i 8bf2fdf0-c7dd-5228-ae17-35be243f29bd
|s 19157f4a-13cc-5f3a-afbd-3d8234ebda58
|
| 952 |
f |
f |
|p Can circulate
|a CAVAL
|b CAVAL
|c CAVAL
|d CARM 1 Store
|e B08471
|f A1:AN05B0
|h Other scheme
|i book
|m 0409095
|